[Event "Lloydminster Battle at the Border"]
[Site "Lloydminster"]
[Date "2007.10.21"]
[Round "3"]
[White "Moshynsky, Igor"]
[Black "Yearwood, Roy"]
[Result "0-1"]
[WhiteElo "1594"]
[BlackElo "2117"]
[PlyCount "35"]
[EventDate "2007.10.20"]
[EventType "swiss"]
[EventRounds "4"]
[EventCountry "CAN"]
[SourceTitle "EXT 2022"]
[Source "ChessBase"]
[SourceDate "2021.10.06"]
[SourceVersion "1"]
[SourceVersionDate "2021.10.06"]
[SourceQuality "1"]

1. e4 c5 2. Nc3 Nc6 3. Nf3 g6 4. Bc4 Bg7 5. d3 e6 6. a3 Nge7 7. Bg5 h6 8. Bh4 a6 9. 0-0 g5 10. Bg3 d5 11. Ba2 f5 12. h3 f4 13. Bh2 0-0 14. Re1 d4 15. Nb1 Kh8 16. Kh1 Rf6 17. g3 e5 18. g4 0-1